00701cam a2200181u 4500082003100000100002900031245007500060250001600135260004100151300004000192526003700232650002700269650008000296650001300376942001200389999001900401952009900420 a621.31913bWADcL-10, P-321 aWaddicor, Harold,94129104aThe principles of electric power transmission by alternating currents, a4th ed rev. aLondon,bChapman & Hall ltd.,c1948. axx, 458 p.billus., diagrs.c23 cm. a0b0c0d621_319130000000000_WAD 0aElectric lines.941292 0aElectric power distributionxAlternating current. [from old catalog]941293 0aMCE9379 2ddccBK c545536d545536 00102ddc4070aMCEbMCEd2014-05-26l0o621.31913 WADpMCE-30213r2014-05-26w2014-05-26yBK